Ont-ils déjà joué avec... Claudia Cardinale ? - Statistiques

Statistiques générales
  • Ce quiz a été pris 8 fois
  • Le résultat moyen est 2 sur 10
Answers on the Grid
Answers color-coded by a green-red scale on the quiz's grid according to % correct below.
Brigitte Bardot
Lauren Bacall
Marlon Brando
Adriano Celentano
Robert De Niro
Françoise Dorléac
Klaus Kinski
Katharine Hepburn
Robert Redford
Elvis Presley
Simone Signoret
Yves Montand
Ugo Tognazzi
Fanny Ardant
Lino Ventura
Michel Piccoli
Marcello Mastroianni
Elie Semoun
Jeanne Moreau
Alberto Sordi
 
Statistiques - réponses
Réponse % Correct
Marcello Mastroianni
43%
Klaus Kinski
29%
Lino Ventura
29%
Ugo Tognazzi
29%
Alberto Sordi
14%
Brigitte Bardot
14%
Elie Semoun
14%
Fanny Ardant
14%
Michel Piccoli
14%
Jeanne Moreau
0%
Aucun quiz correspondant
Distribution des résultats
% des personnes avec chaque résultat
Percentile par nombre de réponses
Votre historique - résultats
Vous n’avez pas pris ce quiz